000
00303nam a2200145Ia 4500
100
_a
Head/ G.O. & others
942
_c
BK
654
_a
Computer
245
_a
The Auto Cad 3D Book
260
_b
Galgotia
_a
New Delhi
_c
1996
082
_a
6.6
_b
HEA
300
_a
319
546
_a
ENGLISH
999
_c
31331
_d
31331